| 000 | 01565nam a2200325 a 4500 | ||
|---|---|---|---|
| 001 | 13748 | ||
| 003 | BD-RjUL | ||
| 005 | 20211208235515.0 | ||
| 008 | 140201r20111997ii b 000 0 eng d | ||
| 020 | _a0195640241 | ||
| 020 | _a0195646339 | ||
| 035 | _a(BD-RjUL)13800 | ||
| 040 |
_aLCLOW _beng _cLCLOW _dANL _dBD-RjUL |
||
| 041 | _aeng | ||
| 082 | 0 | 4 |
_a954.0072 _221 _bSAW 2011 |
| 100 | 1 |
_aSarkar, Sumit, _d1939- _943019 |
|
| 245 | 1 | 0 |
_aWriting social history / _cSumit Sarkar. |
| 260 |
_aDelhi ; _bNew York : _bOxford University Press, _c1997 [impression2011]. |
||
| 300 |
_ax, 390 p. ; _c23 cm. |
||
| 504 | _aIncludes bibliographical references. | ||
| 505 | 0 | _a1. The Many Worlds of Indian History -- 2. The Relevance of E. P. Thompson -- 3. The Decline of the Subaltern in Subaltern Studies -- 4. Edward Thompson and India: The Other Side of the Medal -- 5. The City Imagined: Calcutta of the Nineteenth and Early Twentieth Centuries -- 6. Renaissance and Kaliyuga: Time, Myth and History in Colonial Bengal -- 7. Vidyasagar and Brahmanical Society -- 8. Kaliyuga, Chakri and Bhakti: Ramakrishna and His Times -- 9. Identity and Difference: Caste in the Formation of the Ideologies of Nationalism and Hindutva. | |
| 520 | _aOn India; essays, most written between 1991 and 1996. | ||
| 651 | 0 |
_aIndia _xHistoriography. _942930 |
|
| 651 | 0 |
_aIndia _xHistory _y19th century. _96298 |
|
| 651 | 0 |
_aIndia _xHistory _y20th century. _943020 |
|
| 651 | 0 |
_aIndia _xSocial conditions. _943021 |
|
| 942 |
_2ddc _cBK |
||
| 999 |
_c13748 _d13748 |
||